Statistiques concernant Meilleurs buteurs de chaque clubs de Ligue 1 et de Ligue 2

Cliquez ici pour prendre le quiz!

Statistiques générales

  • Ce quiz a été pris 80 fois
  • Le résultat moyen est 3 sur 38

Statistiques - réponses

ClubsButsNom% Correct
PSG212Kylian Mbappé
99%
SC Bastia134Claude Papi
36%
FC Girondins de Bordeaux181Alain Giresse
22%
AS Monaco223Delio Onnis
22%
EA Guimgamp59Thibault Giresse
22%
Olympique de Marseille194Gunnar Andersson
19%
Olympique Lyonnais222Fleury Di Nallo
18%
Montpellier HSC82Laurent Blanc
18%
ASSE211Hervé Revelli
11%
ESTAC Troyes84Benjamin NIvet
8%
Lille LOSC174Jean Baratte
7%
Stade de Reims130Carlos Bianchi
6%
FC Metz107Nico Braun
6%
AJ Auxerre100Andrzej Szarmach
3%
US Concarneau39Fahd El Khoumisti
3%
Grenoble Foot 38110Nassim Akrour
3%
RC Strasbourg118Oskar Rohr
3%
Toulouse FC83Robert Pintenat
3%
Rodez Aveyron36Ugo Bonnet
3%
Racing Club de Lens121Ahmed Oudjani
1%
Stade Brestois64Gérard Buscher
Drago Vabec
1%
Paris FC37Jean-François Beltramini
1%
Stade Rennais154Jean Grumellon
1%
Le HAC105Jean Saunier
1%
Pau FC71Michel Sanchez
1%
Nantes FC146Philippe Gondet
1%
FC Sochaux-Montbéliard350Roger Courtois
1%
FC Lorient67Bernard Goraguer
0%
Angers SCO125Christophe Lagrange
0%
Stade Malherbe Caen66Cyrille Watier
0%
AC Ajaccio71François M'Pelé
0%
Amiens SC141Georges Taisne
0%
USL Dunkerque78Jean-Claude Garnier
0%
Stade lavallois129Jean-François Fort
0%
OGC Nice211Joaquin Valle
0%
Quevilly Rouen35Medhy Guezoui
0%
Clermont Foot51Rémy Dugimont
0%
Valenciennes128Serge Masnaghetti
0%

Distribution des résultats

Percentile par nombre de réponses

% des personnes avec chaque résultat

Votre développement - résultats

Vous n’avez pas pris ce quiz